000 01209nam0a22002771 4500
001 rc\4314447
005 20130416130945.3
021 _aRU
_b[63-62922]
035 _a(NLR Aleph) 008509987
090 _a8163032
_c8163032
100 _a20130416d1963 |||y0rusy50 ca
101 0 _arus
102 _aRU
105 _aa z |||||
200 1 _aПередовые методы удаления металлических предметов из дробилок среднего и мелкого дробления
_fГос. ком. по черной и цвет. металлургии при Госплане СССР. Центр. науч.-исслед. ин-т информации и техн.-экон. исследований цвет. металлургии
210 _aМосква
_cБ. и.
_d1963
215 _a9 с.
_cил.
_d20
225 1 _a[Обогащение]
300 _aАвт. указан на обороте тит. л.
606 _aДробилки
_xУдаление металлических предметов
_2psbo
700 1 _aВалиулин
_bВ. С.
801 0 _aRU
_bNLR
_gpsbo
801 1 _aRU
_bELAR
_2rusmarc
852 _aNLR
_j63-6/10435
942 _cBOOK
980 _aNB